000 00508nam a22001937a 4500
005 20251108175450.0
008 250721s2012 xx 000 0 eng d
082 1 4 _aJ/F/BEL
100 1 _aBELINEAU, NATHALIE
245 1 0 _aRobin's Formula 1 /
264 1 _aبيروت :
_bدار المجاني,
_c2012.
300 _a[14]P.
490 0 _aLittle boy
650 1 7 _aFICTION
650 1 7 _aCHILDREN
653 _aمرحلة اطفال متوسطة (6-9)سنوات
942 _2ddc
_cBK
999 _c134761
_d134761